Difficult Seinfeld Quiz - Statistics

General Stats
  • This quiz has been taken 1,152 times
    1,140 since last reset
  • The average score is 4 of 15
Answer Stats
Hint Answer % Correct
What character is on top of the pez dispenser? Tweety
67%
What bank does Jerry's Nana use? Chemical
49%
How much does the Sable Hat cost that Elaine buys for George? $8,000
40%
Cousin Jeffrey gets tickets for what artist for Jerry and Amy in the park? Paul Simon
40%
What does Gary Fogel die from? Car accident
33%
What is the name of Jackie Chile's Physician? Dr. Bison
30%
What is the name of the pizza joint where George gets the Frogger? Marios
27%
Who is the baseball player that actually spit on Kramer and Newman Mcdowell
25%
What is the name of Jerry and Seth's mutual friend? Moochie
23%
Where to the tiny surgical instruments come from to operate on the squirrel? El Paso
15%
What is Pinter's last name? Ranowat
13%
To whom does Elaine compare Puddy when he's wearing his fur coat? Stein Eriksen/Dr. Zaius
11%
What is the last name of the "Coco" George brings to Kruger's office? Higgins
7%
What time does Jerry's power turn off when Jean Paul is staying with him? 4:02
6%
How much is the calzone order Kramer picks up for George at Pisanos? $17.50
5%
No matching quizzes found
Score Distribution
Percent of People with Each Score
Percentile by Number Answered
Your Score History
You have not taken this quiz since the last reset